00409nam a2200169Ia 4500003000400000005001700004008004100021040000700062041000800069082001900077100001700096245002400113260005100137365000800188650001400196650002900210OSt20230603110840.0210423s1966 xx 000 0 und d cAL aeng a338.9 KURO223 aKURIEN (C T) aOur five year plans aBangalorebChristain Institute for Studyc1966 cINR aEconomics aEconomics of Development